LEADER 03084nam 2200649Ia 450 001 9910459750703321 005 20200520144314.0 010 $a1-283-21360-5 010 $a9786613213600 010 $a0-7425-6811-3 035 $a(CKB)2670000000066270 035 $a(EBL)662212 035 $a(OCoLC)700454985 035 $a(SSID)ssj0000469988 035 $a(PQKBManifestationID)12194716 035 $a(PQKBTitleCode)TC0000469988 035 $a(PQKBWorkID)10531037 035 $a(PQKB)10598363 035 $a(MiAaPQ)EBC662212 035 $a(Au-PeEL)EBL662212 035 $a(CaPaEBR)ebr10435022 035 $a(CaONFJC)MIL321360 035 $a(EXLCZ)992670000000066270 100 $a20100909d2010 uy 0 101 0 $aeng 135 $aur|n|---||||| 181 $ctxt 182 $cc 183 $acr 200 12$aA history of medieval heresy and inquisition$b[electronic resource] /$fJennifer Kolpacoff Deane 210 $aLanham $cRowman & Littlefield$d2010 215 $a1 online resource (478 p.) 225 1 $aCritical issues in history 300 $aDescription based upon print version of record. 311 $a0-7425-5576-3 311 $a0-7425-5575-5 320 $aIncludes bibliographical references and index. 327 $aAcknowledgments; Introduction; Chapter One; Good Christians, Heresy, and the Apostolic Model; Chapter Two; Poverty, Preaching, and the Poor of Lyon; Chapter Three; Lawyer Popes, Mendicant Preachers, and New Inquisitorial Procedures; Chapter Four; Spiritual Franciscans, the Poverty Controversy, and the Apocalypse; Chapter Five; Mysticism, Lay Religious Women, and the Problem of Spiritual Authority; Chapter Six; Medieval Magic, Demonology, and Witchcraft; Chapter Seven; Wyclif, the Word of God, and Inquisition in England; Chapter Eight; Reform, Revolution, and the Lay Chalice in Bohemia 327 $aEpilogueNotes; About the Author 330 $aThis concise and balanced survey of heresy and inquisition in the Middle Ages examines the dynamic interplay between competing medieval notions of Christian observance, tracing the escalating confrontations between piety, reform, dissent, and Church authority between 1100 and 1500. Jennifer Kolpacoff Deane explores the diverse regional and cultural settings in which key disputes over scripture, sacraments, and spiritual hierarchies erupted, events increasingly shaped by new ecclesiastical ideas and inquisitorial procedures. Incorporating recent research and debates in the field, her analysis b 410 0$aCritical issues in history. 606 $aChurch history$yMiddle Ages, 600-1500 606 $aHeresy 606 $aInquisition 608 $aElectronic books. 615 0$aChurch history 615 0$aHeresy. 615 0$aInquisition. 676 $a272/.2 700 $aDeane$b Jennifer Kolpacoff$f1970-$0861488 801 0$bMiAaPQ 801 1$bMiAaPQ 801 2$bMiAaPQ 906 $aBOOK 912 $a9910459750703321 996 $aA history of medieval heresy and inquisition$91922573 997 $aUNINA LEADER 03506oam 2200493 450 001 9910136754503321 005 20210604194051.0 010 $a9783038421702$b(PDF ebook) 010 $z9783038421245$b(hardback) 010 $z3038421243$b(hardback) 035 $a(CKB)3710000000692182 035 $a(EXLCZ)993710000000692182 100 $a20191103h20162016 fy| 0 101 0 $aeng 135 $aur||#|||||||| 181 $ctxt$2rdacontent 182 $cc$2rdamedia 183 $acr$2rdacarrier 200 00$aGrand celebration$hVolume 1 $e10th Anniversary of the Human Genome Project /$fJohn Burn, James R. Lupski, Karen E. Nelson and Pabulo H. Rampelotto (Eds.) 205 $aEdition 2016 210 1$a[Basel, Switzerland] :$cMDPI - Multidisciplinary Digital Publishing Institute,$d2016 210 4$d©2016 215 $a1 online resource (xi, 262 pages) $cillustrations (black and white, and colour); digital file(s) 300 $a"This book is a reprint of the special issue that appeared in the online open access journal Genes (ISSN 2073-4425) in 2014" -- title page verso. 311 08$aPrint version: 9783038421245 3038421243 320 $aIncludes bibliographical references. 330 $a"In 1990, scientists began working together on one of the largest biological research projects ever proposed. The project proposed to sequence the three billion nucleotides in the human genome. The Human Genome Project took 13 years and was completed in April 2003, at a cost of approximately three billion dollars. It was a major scientific achievement that forever changed the understanding of our own nature. The sequencing of the human genome was in many ways a triumph for technology as much as it was for science. From the Human Genome Project, powerful technologies have been developed (e.g., microarrays and next generation sequencing) and new branches of science have emerged (e.g., functional genomics and pharmacogenomics), paving new ways for advancing genomic research and medical applications of genomics in the 21st century. The investigations have provided new tests and drug targets, as well as insights into the basis of human development and diagnosis/treatment of cancer and several mysterious humans diseases. This genomic revolution is prompting a new era in medicine, which brings both challenges and opportunities. Parallel to the promising advances over the last decade, the study of the human genome has also revealed how complicated human biology is, and how much remains to be understood. The legacy of the understanding of our genome has just begun. To celebrate the 10th anniversary of the essential completion of the Human Genome Project, in April 2013 Genes launched this Special Issue, which highlights the recent scientific breakthroughs in human genomics, with a collection of papers written by authors who are leading experts in the field." -- Preface, page xi. 517 3 $a10th Anniversary of the Human Genome Project 606 $aHuman gene mapping 606 $aHuman genetics$xForecasting 608 $bElectronic books. 615 0$aHuman gene mapping. 615 0$aHuman genetics$xForecasting. 676 $a599.935 676 $a611.0181663 702 $aBurn$b John$cMD, MRCP, 702 $aLupski$b James R.$f1957- 702 $aNelson$b Karen E. 702 $aRampelotto$b Pabulo H. 801 0$bUkMaJRU 906 $aBOOK 912 $a9910136754503321 996 $aGrand celebration$92100829 997 $aUNINA LEADER 00971nam a2200289 i 4500 001 991003255699707536 005 20021205144149.0 008 020128s|||| it ||| | ita 020 $a8870784932 035 $ab11778301-39ule_inst 035 $aPARLA222881$9ExL 040 $aDip.to Scienze Pedagogiche$bita 082 0 $a126 100 1 $aDi Francesco, Michele$0217446 245 12$aL'io e i suoi sé :$bidentità personale e scienza della mente /$cMichele Di Francesco 260 $aMilano :$bCortina,$c1998 300 $a333 p. ;$c23 cm. 490 0 $aSaggi [Cortina] 650 4$aIdentità 650 4$aMente 650 4$aPersona$ySec. 17.-20. 907 $a.b11778301$b27-04-17$c09-12-02 912 $a991003255699707536 945 $aLE022 126 DIF01.01$g1$i2022000021241$lle022$o-$pE0.00$q-$rl$s- $t0$u9$v2$w9$x0$y.i12024831$z09-12-02 996 $aIo e i suoi sé$9564154 997 $aUNISALENTO 998 $ale022$b01-01-02$cm$da $e-$fita$git $h2$i1